000 00694cab a2200205 4500
001 WB3427-29
008 090401t1998 xxu||||| |||| 00| 0 eng d
035 _a(Sirsi) u87479
041 _aeng
245 _aForestry sell off stopped
260 _c1998
350 _a0
490 _aForestry Commission News Release
_v14 July 1998, (2)
520 _aOutlines government commitment to the future of the forestry industry in the light of the DETR comprehensive spending review reversing the policy of selling off forestry resources. Expenditure plans.
650 _aCOMPREHENSIVE SPENDING REVIEW
650 _aFORESTRY
690 _aRURAL PRACTICE
942 _n0
948 _c17/07/1998
999 _c55177
_d55177